01000 a2200229 4500010001400000020002300014035001300037037001800050082001100068090001500079100002600094245009000120260004900210270011000259300002600369500005000395650002200445942002600467999001500493952013500508952012700643 aENG-85420 c395.00a8173414300 aEN-68953 bD.B.Act / Pub14a181.07 c2788d27881 aShah, Muhammad Maroof1 aProblem of evil in Muslim philosophycby Muhammad Maroof Shahba case study of Iqbal aDelhibIndian Publishers' Distributorsc2007 a156-D, Kamla Nagar, Delhi-110007bDelhicDelhie110007k23846233, 23840715l23846233mipd@mailandnews.com ax, 188 p.c21 cm (Hb) aIncludes bibliographical references and index aMuslim philosophy adplcENk181.07 / SHA c2735d2735 00102ddc40718NFICaDBADbDBADeDBAD/PUBg395.00l0o181.07 SHApEN-68953r2008-09-15 00:00:00t1u2925v395.00w2008-09-15yEN 00102ddc40708NFICaVPbVPd2009-03-05g395.00l0o181.07 shapB-317778r2009-03-05 00:00:00t1v395.00w2009-03-05yEN